| 000 | 00506nam a2200181 a 4500 | ||
|---|---|---|---|
| 005 | 20230627063605.0 | ||
| 008 | 991125s1993 mx 000 0 spa u | ||
| 020 | _a9684126247 | ||
| 035 | _aUPN01000032161 | ||
| 049 | _aCG | ||
| 050 | 4 |
_aBC59 _bG8.3 1993 |
|
| 100 | 1 |
_aGutiérrez Sáenz, Raúl _935141 |
|
| 245 | 1 | 0 |
_aIntroducción a la lógica / _cRaúl Gutiérrez Sáenz. |
| 260 |
_aMéxico : _bEsfinge, _c1993. |
||
| 300 | _a328 p. | ||
| 650 | 4 |
_aLógica _xEstudio y enseñanza _915637 |
|
| 905 | _aLibro | ||
| 999 |
_c32161 _d32161 |
||